| 000 | 00606 a2200169 4500 | ||
|---|---|---|---|
| 020 | _a8176488720 | ||
| 020 | _a9788176488723 | ||
| 090 |
_c1299 _d1299 |
||
| 100 | 1 | _aSiddiqui, Mujibul Hasan. | |
| 245 | 1 | 0 |
_aTechniques of teaching startegies / _cMujibul Hasan Siddiqui. |
| 260 |
_a[S.l.] : _bAPH Publishing Corporation, _c2005. |
||
| 300 | _a1 v. (unpaged) | ||
| 500 | _aHardcover. | ||
| 856 | 4 | 0 |
_3Amazon.com _uhttp://www.amazon.com/exec/obidos/ASIN/8176488720/chopaconline-20 |
| 856 | 4 | 0 |
_3Amazon customer reviews _uhttp://www.chopac.org/cgi-bin/tools/azrev.pl?q=8176488720 |
| 942 |
_aNBS _cBK _k371.3 MUJ |
||
| 999 |
_c343822 _d343822 |
||